Normal view MARC view

Entry Nombre personal

Number of records used in: 13

001 - NÚMERO DE CONTROL

  • campo de control: 18980

003 - IDENTIFICADOR DE NÚMERO DE CONTROL

  • campo de control: OSt

005 - FECHA Y HORA DE LA ÚLTIMA TRANSACCIÓN

  • campo de control: 20260213172530.0

008 - ELEMENTOS DE DATO DE LONGITUD-FIJA

  • campo de control de longitud fija: 030205 n acnnnaaan n ann d

040 ## - FUENTE DE CATALOGACIÓN

  • Centro catalogador/agencia de origen: OSt
  • Centro/agencia transcriptor: OSt

100 1# - ENCABEZAMIENTO-NOMBRE DE PERSONA

  • Nombre de persona: Ainaud de Lasarte, Joan,
  • Fechas asociadas al nombre: 1919-1995

400 1# - TRAZADO DE VÉASE--NOMBRE DE PERSONA

  • Nombre de persona: Ainaud de Lasarte, Juan (
  • Fechas asociadas al nombre: 1919-1995)